Gasellit - "Ääni kähee ku Tiihosella - Statistics

Yleistilastot
  • Tätä visaa on pelattu 5 kertaa
  • Keskiarvotulos 169 / 304
Vastaustilastot
Vastaus % Oikein
ääni
100%
ei
100%
kähee
100%
ku
100%
on
100%
tiihosella
100%
iha
80%
ja
80%
mul
80%
nyt
80%
tunnit
80%
cheekil
60%
duuni
60%
duunii
60%
ees
60%
eläny
60%
eli
60%
en
60%
hella
60%
helvetin
60%
jengi
60%
jengil
60%
joka
60%
käheenä
60%
kii
60%
lähellä
60%
laita
60%
läppä
60%
mikä
60%
nii
60%
tehny
60%
verra
60%
viiko
60%
viikon
60%
viinil
60%
viskil
60%
aika
40%
astma
40%
eihä
40%
et
40%
frendit
40%
hei
40%
huomen
40%
ihan
40%
jaksa
40%
kaduttaaks
40%
kai
40%
kiinnostella
40%
mayhemi
40%
mut
40%
niinku
40%
oikeesti
40%
pahempi
40%
polttanu
40%
soitti
40%
tänää
40%
tilanne
40%
viitosella
40%
vittu
40%
aamul
20%
ääntäni
20%
äijäl
20%
asiaa
20%
auki
20%
batmanil
20%
diippi
20%
duunit
20%
edellyttää
20%
ehi
20%
hätiksel
20%
jää
20%
jokasen
20%
koko
20%
koos
20%
leffan
20%
leiki
20%
nauru
20%
ok
20%
pääl
20%
päätä
20%
paine
20%
paljon
20%
pelkkää
20%
piikki
20%
pitää
20%
pitäs
20%
rahinaa
20%
seivaa
20%
sil
20%
soundi
20%
stögiksen
20%
stressi
20%
suostu
20%
täynnä
20%
tommi
20%
traileris
20%
tyleril
20%
vaa
20%
vitun
20%
voi
20%
yhel
20%
ajan
0%
joko
0%
kiristyy
0%
korpelan
0%
lähibaarissa
0%
masokisti
0%
nää
0%
näkemää
0%
ois
0%
pääs
0%
piristyy
0%
plääneissä
0%
poikka
0%
repeilyttää
0%
ruuvit
0%
sellanen
0%
senki
0%
spedeilly
0%
spiikkisoundi
0%
tääl
0%
tiiätsä
0%
tuut
0%
vaik
0%
väkevä
0%
Ehtoja vastaavia visoja ei löytynyt
Tulosjakauma
Jokaisen tuloksen saaneiden osuus
Persentiili vastausten määrän mukaan
Tuloshistoriasi
Et ole pelannut tätä visaa